| 000 | 00885 a2200241 4500 | ||
|---|---|---|---|
| 003 | OSt | ||
| 005 | 20180116192347.0 | ||
| 008 | 120531t xxu||||| |||| 00| 0 eng d | ||
| 010 | _a 2007050424 | ||
| 020 | _a9780760330678 (hb, w/ jkt) | ||
| 040 | _c0 | ||
| 082 | 0 | 0 | _a746.43041 |
| 100 | 1 |
_aSearle, Karen. _92845 |
|
| 245 | 1 | 0 |
_aKnitting art : _b150 innovative works from 18 contemporary artists / _cKaren Searle. |
| 246 | 1 | 0 |
_aKnitting art : _bOne hundred and fifty innovative works from 18 contemporary artists. |
| 260 |
_aMinneapolis, MN : _bVoyageur Press, _c2008. |
||
| 300 |
_a159 p. : _bcol. ill. ; _c29 cm. |
||
| 500 | _aIncludes index. | ||
| 650 | 1 | 0 |
_aKnitting. _92846 |
| 856 | 4 | 1 |
_3Table of contents only _uhttp://www.loc.gov/catdir/toc/ecip086/2007050424.html |
| 942 |
_aSADA _cBK _k746.43041 SEA 2008 _2ddc |
||
| 999 |
_c352793 _d352793 |
||